Missing Word: Justin Timberlake Quiz Stats

Quiz Updated Mar 11, 2013

Challenge
Share
Tweet
Embed
Score 0/20 Timer 03:00
0 Plays Today
clue answer % Correct
SONGRiver
97.3%
MOVIEFriends
95.1%
SONGAround
89.4%
MOVIEBad
89.1%
MOVIEBear
87.7%
MOVIESocial
87.4%
SONGBack
81.3%
SONGBody
75%
SONGSuit
72.9%
MOVIEDog
65.8%
clue answer % Correct
SONGLove
56.5%
SONGBox
49.7%
MOVIEShrek
48.7%
SONGWhere
45.6%
SONGGirl
41.5%
MOVIECurve
40.2%
MOVIEMoan
37.7%
MOVIEGuru
35.5%
MOVIETime
34.5%
SONGLike
26.5%

Today's Daily Dose

You're not logged in!

Compare scores with friends on all Sporcle quizzes.
Sign Up with Email
OR
Log In

You Might Also Like...

Show Comments

Extras

Top Quizzes Today


Score Distribution

Your Account Isn't Verified!

In order to create a playlist on Sporcle, you need to verify the email address you used during registration. Go to your Sporcle Settings to finish the process.